000 00826nas a2200277 4500
001 BR9406271
003 BR-BrBNA
005 20231205093744.0
007 ta
008 230509b bl.|||p| |||| 00| 00por d
040 _aBR-BrBNA
_bpor
_cBiblioteca Nacional de Agricultura
041 _a(Pt)
072 _aL72; L70
100 1 _aMoraes, F.R.
100 1 _aHatayde, M.R.
100 1 _aCosta, A.J.
100 1 _aMoraes, J.R.E.
100 1 _aRocha, U.F.
245 1 _aNovo surto de Tunga penetrans (L., 1758)em bovinos: aspectos clinicos, anatomapatologicos e tratamento
650 _aBovino
650 _aBicho do Pe
650 _aVeterinaria
773 0 _tArs Veterinaria (Brazil)
_xISSN 0102-6380
_g(Dec 1992), v. 8(2) p. 156-159
_wBR9406271
909 _a202311
_bLúcia
_c55
_dLúcia Elande
942 _2AGRIS
_n0
_cANA
999 _c140236
_d140236